[Event "25th Dubai Open A 2025"]
[Site "Dubai UAE"]
[Date "2025.05.28"]
[Round "2.23"]
[White "Movahed, Sina"]
[Black "Piliposyan, Robert"]
[Result "1-0"]
[WhiteTitle "GM"]
[BlackTitle "IM"]
[WhiteElo "2518"]
[BlackElo "2416"]
[WhiteFideId "42520835"]
[BlackFideId "13309978"]
[EventDate "2025.05.27"]

1. e4 e5 2. Nf3 Nc6 3. d4 exd4 4. Nxd4 Nf6 5. Nxc6 bxc6 6. e5 Qe7 7. Qe2 Nd5 8.
h4 Qe6 9. Nd2 d6 10. exd6 cxd6 11. Nb3 Be7 12. Bg5 O-O 13. O-O-O Qxe2 14. Bxe2
Bxg5+ 15. hxg5 Nf4 16. Bd3 g6 17. Rh4 Nxd3+ 18. Rxd3 d5 19. Rc3 f6 20. Rf4 fxg5
21. Rxf8+ Kxf8 22. Rxc6 Bf5 23. Nd4 Rc8 24. Rd6 Ke7 25. Rxd5 Kf6 26. Ra5 Rc7 27.
Ra6+ Ke5 28. c3 Be4 29. Re6+ Kd5 30. f3 Bf5 31. Ra6 Ke5 32. Kd2 g4 33. fxg4 Bxg4
34. Ke3 Bd7 35. g3 Kd5 36. Ra5+ Kd6 37. Kd3 Be8 38. c4 h6 39. b4 Rb7 40. Ra6+
Ke7 41. b5 Rc7 42. a4 1-0

[Event "25th Dubai Open A 2025"]
[Site "Dubai UAE"]
[Date "2025.05.28"]
[Round "2.24"]
[White "Aswath, S"]
[Black "Agasarov, Benik"]
[Result "1-0"]
[WhiteTitle "IM"]
[BlackTitle "FM"]
[WhiteElo "2515"]
[BlackElo "2414"]
[WhiteFideId "46694919"]
[BlackFideId "13314823"]
[EventDate "2025.05.27"]

1. d4 Nf6 2. Nf3 e6 3. Bf4 c5 4. e3 Nc6 5. Nbd2 h6 6. Bg3 d5 7. c3 Bd6 8. Ne5
Qc7 9. f4 c4 10. a4 Bd7 11. Be2 Rb8 12. O-O a6 13. e4 Nxe4 14. Nxe4 dxe4 15.
Nxc4 f5 16. Bh5+ Kf8 17. d5 Ne7 18. Nxd6 Qxd6 19. dxe6 Qxe6 20. Qd4 Nc6 21. Qc5+
Qe7 22. Bf2 b6 23. Qd5 e3 24. Bh4 g5 25. fxg5 e2 26. Rxf5+ Bxf5 27. Qxf5+ Kg8
28. Qg6+ Kf8 29. gxh6 1-0

[Event "25th Dubai Open A 2025"]
[Site "Dubai UAE"]
[Date "2025.05.28"]
[Round "2.25"]
[White "Royal, Shreyas"]
[Black "Zhang, Di"]
[Result "1-0"]
[WhiteTitle "GM"]
[WhiteElo "2493"]
[BlackElo "2410"]
[WhiteFideId "448869"]
[BlackFideId "8616590"]
[EventDate "2025.05.27"]

1. e4 c5 2. Nf3 d6 3. d4 cxd4 4. Nxd4 Nf6 5. Nc3 Nc6 6. Bg5 e6 7. Qd3 Bd7 8.
Ndb5 Nb4 9. Qd1 Qb8 10. Bf4 e5 11. Bg5 a6 12. Bxf6 gxf6 13. Na3 b5 14. Nab1 f5
15. a3 Nc6 16. exf5 Nd4 17. Bd3 Qb7 18. Nd2 Bc6 19. Nce4 O-O-O 20. a4 d5 21.
axb5 axb5 22. Ng3 e4 23. Be2 Bh6 24. O-O e3 25. Bd3 exd2 26. c3 Nb3 27. Qxb3 d4
28. f3 dxc3 29. Qxc3 b4 30. Qc2 Kb8 31. Kh1 Bd5 32. Qc5 Rhe8 33. Ne4 Bf4 34. Ba6
Bxe4 35. Bxb7 Bxb7 36. Qxb4 Be3 37. Rfd1 Rd4 38. Qb5 Rdd8 39. h3 f6 40. Qc4 Re7
41. b4 Rd5 42. b5 Red7 43. Qb3 Re7 44. b6 Bc5 45. Qc4 Bxb6 46. Rxd2 Rc5 47. Qb4 1-0

[Event "25th Dubai Open A 2025"]
[Site "Dubai UAE"]
[Date "2025.05.28"]
[Round "2.26"]
[White "Ilamparthi, A R"]
[Black "Kushagra, Mohan"]
[Result "1-0"]
[WhiteTitle "IM"]
[BlackTitle "IM"]
[WhiteElo "2469"]
[BlackElo "2400"]
[WhiteFideId "45015775"]
[BlackFideId "25033638"]
[EventDate "2025.05.27"]

1. e4 e5 2. Nf3 Nc6 3. Bb5 a6 4. Ba4 Nf6 5. Nc3 d6 6. Bxc6+ bxc6 7. d4 exd4 8.
Nxd4 c5 9. Nc6 Qd7 10. Na5 Qg4 11. O-O Qxd1 12. Rxd1 Be6 13. f3 g6 14. b3 Bg7
15. Bb2 Nd7 16. Rab1 O-O 17. Ne2 Bh6 18. Ng3 Rae8 19. Kf2 Bg5 20. Bc1 Bxc1 21.
Rbxc1 Ne5 22. Rd2 h5 23. h4 f5 24. Re1 fxe4 25. Nxe4 Bd7 26. Kg3 Kg7 27. Rde2
Nf7 28. Nc3 c6 29. Rxe8 Rxe8 30. Rd1 d5 31. Nb7 Re3 32. Rd3 Re1 33. Nxc5 Bf5 34.
Rd2 Rc1 35. Ne2 Rxc2 36. Rxc2 Bxc2 37. Nd4 Bb1 38. a4 Kf6 39. Nxc6 Nd6 40. Nxa6
Nf5+ 41. Kf2 Bc2 42. Nc5 1-0

[Event "25th Dubai Open A 2025"]
[Site "Dubai UAE"]
[Date "2025.05.28"]
[Round "2.27"]
[White "Tin, Jingyao"]
[Black "Roebers, Eline"]
[Result "1/2-1/2"]
[WhiteTitle "GM"]
[BlackTitle "IM"]
[WhiteElo "2601"]
[BlackElo "2361"]
[WhiteFideId "5804418"]
[BlackFideId "1058401"]
[EventDate "2025.05.27"]

1. d4 Nf6 2. c4 g6 3. Nc3 Bg7 4. e4 d6 5. Nf3 O-O 6. Be2 Nbd7 7. O-O e5 8. Re1
b6 9. Rb1 Re8 10. d5 a5 11. Nd2 Kh8 12. a3 Ng8 13. Qc2 Rf8 14. b4 f5 15. Bd3 Nh6
16. f3 Qh4 17. Rd1 Bf6 18. Nf1 f4 19. g3 Qh5 20. g4 Qg5 21. Nb5 Bd8 22. Qf2 Ba6
23. Bd2 a4 24. h4 Qe7 25. Be1 Nf7 26. Qc2 h5 27. g5 Nxg5 28. hxg5 Qxg5+ 29. Qg2
Qh6 30. Nh2 g5 31. Bc3 Rg8 32. Kf1 Rg7 33. Ke2 Kg8 34. Rh1 Qg6 35. Rbg1 Bxb5 36.
cxb5 Nf6 37. Kd2 Kf7 38. Kc2 Be7 39. Kb2 Rag8 40. Qc2 g4 41. fxg4 hxg4 42. Be1
Rh7 43. Nf1 g3 44. Rxh7+ Qxh7 45. Qg2 Rh8 46. Qf3 Qh5 47. Qxh5+ Rxh5 48. Be2 Rh4
49. Bf3 Nh7 50. Kc1 Ng5 51. Nd2 Kg6 52. Kd1 Rh2 53. Bg2 Kh5 54. Rh1 Rxh1 55.
Bxh1 Kg4 56. Ke2 Kh3 57. Bf3 Kh2 58. Kf1 Nxf3 59. Nxf3+ Kh1 60. Ke2 Bf6 61. Bf2
Kg2 62. Ne1+ Kh2 63. Nf3+ Kg2 64. Be1 Kh1 65. Bf2 1/2-1/2

[Event "25th Dubai Open A 2025"]
[Site "Dubai UAE"]
[Date "2025.05.28"]
[Round "2.28"]
[White "Davtyan, Arsen"]
[Black "Gupta, Abhijeet"]
[Result "1-0"]
[WhiteTitle "IM"]
[BlackTitle "GM"]
[WhiteElo "2402"]
[BlackElo "2577"]
[WhiteFideId "13309315"]
[BlackFideId "5010608"]
[EventDate "2025.05.27"]

1. e4 c5 2. Nf3 d6 3. Bb5+ Nd7 4. Ba4 Nf6 5. O-O e6 6. Re1 Be7 7. c3 O-O 8. d4
a6 9. Bc2 b5 10. Nbd2 Bb7 11. Nf1 Qc7 12. Ng3 Rfe8 13. a4 Bf8 14. Be3 bxa4 15.
Rxa4 Bc6 16. Ra2 Qb7 17. Nd2 cxd4 18. cxd4 g6 19. Bd3 a5 20. f3 a4 21. Ne2 Nb6
22. Nc3 Rec8 23. Qe2 Bd7 24. f4 a3 25. Nd1 d5 26. e5 Ne4 27. bxa3 Na4 28. Bxe4
dxe4 29. Bf2 Bb5 30. Qe3 Nb6 31. Nxe4 Nd5 32. Qg3 Be7 33. Nc5 Bxc5 34. dxc5 Bc6
35. Rd2 Ra4 36. Bd4 Rca8 37. Ne3 Rxa3 38. Qf2 Nxe3 39. Bxe3 Rb3 40. h3 Bd5 41.
Kh2 h5 42. f5 exf5 43. Bg5 Kh7 44. Bf6 Be6 45. Red1 Qc7 46. Rd6 Rbb8 47. c6 Ra2
48. R1d2 Rxd2 49. Qxd2 Re8 50. Qb4 Rb8 51. Qd4 Re8 52. Qc5 Rc8 53. Bg5 Re8 54.
Bd2 Ra8 55. Qe3 Kg8 56. Qg5 Re8 57. Qh4 Kh7 58. Qf4 Kg8 59. Be3 Qe7 60. Qg3 Kh7
61. Bg5 Qa7 62. Be3 Qa5 63. Qf4 Kg8 64. Qd4 Kh7 65. Bg5 Qc7 66. Bh4 Qa5 67. Bd8
Qa2 68. c7 Bc8 69. Bf6 Bb7 70. Qd2 Qxd2 71. Rxd2 f4 72. Rd8 Rg8 73. h4 Bc8 74.
Kg1 Be6 75. Kf2 Bg4 76. Ke1 Be6 77. Ke2 Bg4+ 78. Kf2 1-0

[Event "25th Dubai Open A 2025"]
[Site "Dubai UAE"]
[Date "2025.05.28"]
[Round "2.29"]
[White "Gavrilescu, David"]
[Black "Manon, Reja Neer"]
[Result "1-0"]
[WhiteTitle "GM"]
[BlackTitle "IM"]
[WhiteElo "2554"]
[BlackElo "2403"]
[WhiteFideId "1227190"]
[BlackFideId "10224009"]
[EventDate "2025.05.27"]

1. e4 c6 2. Nf3 d5 3. e5 c5 4. c4 d4 5. g3 Nc6 6. Bg2 Qc7 7. O-O Nxe5 8. Nxe5
Qxe5 9. d3 Qc7 10. Bf4 Qd7 11. Re1 e6 12. Nd2 Ne7 13. Ne4 Ng6 14. Bd2 Be7 15. h4
O-O 16. h5 Nh8 17. h6 g6 18. b4 cxb4 19. Bxb4 f5 20. Nc5 Bxc5 21. Bxc5 Rd8 22.
Qd2 Nf7 23. Rxe6 Qxe6 24. Re1 Ne5 25. f4 Nxc4 26. dxc4 Qxc4 27. Be7 Re8 28. Qa5
Be6 29. Rxe6 Qxe6 30. Bd5 Rxe7 31. Bxe6+ Rxe6 32. Qc7 Kf8 33. Qxh7 1-0

[Event "25th Dubai Open A 2025"]
[Site "Dubai UAE"]
[Date "2025.05.28"]
[Round "2.30"]
[White "Gaal, Zsoka"]
[Black "Davtyan, Artur"]
[Result "1/2-1/2"]
[WhiteTitle "WGM"]
[BlackTitle "IM"]
[WhiteElo "2395"]
[BlackElo "2485"]
[WhiteFideId "777765"]
[BlackFideId "13308327"]
[EventDate "2025.05.27"]

1. Nf3 d5 2. g3 Bg4 3. Bg2 c6 4. O-O Nd7 5. h3 Bh5 6. d4 Ngf6 7. c4 e6 8. cxd5
exd5 9. Nh4 Bg6 10. Qb3 Qb6 11. Qe3+ Be7 12. Nc3 Nf8 13. f4 Bc2 14. Qd2 Be4 15.
Nxe4 Nxe4 16. Bxe4 Bxh4 17. Bxd5 Bf6 18. Bf3 Qxd4+ 19. Qxd4 Bxd4+ 20. Kg2 Ne6
21. Rb1 Bb6 22. e3 O-O-O 23. b4 Nc7 24. Rb3 Rhe8 25. a4 a6 26. Rf2 Kb8 27. Rd2
Rxd2+ 28. Bxd2 Rd8 29. Bc1 f6 30. Kf1 Ne6 31. Ke2 Re8 32. Kf2 Rd8 33. Ke2 Re8 1/2-1/2

[Event "25th Dubai Open A 2025"]
[Site "Dubai UAE"]
[Date "2025.05.28"]
[Round "2.31"]
[White "Ayush, Sharma"]
[Black "Beydullayeva, Govhar"]
[Result "1-0"]
[WhiteTitle "IM"]
[BlackTitle "WGM"]
[WhiteElo "2478"]
[BlackElo "2394"]
[WhiteFideId "45010943"]
[BlackFideId "13413015"]
[EventDate "2025.05.27"]

1. e4 e5 2. Nf3 Nc6 3. Bb5 a6 4. Ba4 Nf6 5. O-O Be7 6. Re1 b5 7. Bb3 O-O 8. c3
d5 9. exd5 Nxd5 10. Nxe5 Nxe5 11. Rxe5 c6 12. Re1 Bd6 13. g3 Bf5 14. d4 Qd7 15.
Be3 Rae8 16. Bxd5 cxd5 17. Nd2 Bg4 18. Qb3 Qf5 19. a4 b4 20. cxb4 h5 21. Rac1 h4
22. Rc6 Re6 23. Rxa6 Rfe8 24. Ra5 h3 25. Rxd5 Qf6 26. a5 Bf3 27. Rb5 Bc6 28. Rb6
Bxg3 29. fxg3 Rxe3 30. Rxe3 Qxd4 31. Qd3 Qxd3 32. Rxd3 1-0

[Event "25th Dubai Open A 2025"]
[Site "Dubai UAE"]
[Date "2025.05.28"]
[Round "2.32"]
[White "Tudor, Henry Edward"]
[Black "Borgaonkar, Akshay"]
[Result "1-0"]
[WhiteTitle "FM"]
[BlackTitle "FM"]
[WhiteElo "2376"]
[BlackElo "2453"]
[WhiteFideId "2409836"]
[BlackFideId "25639110"]
[EventDate "2025.05.27"]

1. d4 d5 2. c4 c6 3. cxd5 cxd5 4. Nc3 Nf6 5. Bf4 Nc6 6. e3 Bg4 7. f3 Bd7 8. g4
e6 9. Bd3 Be7 10. Nge2 O-O 11. h4 Rc8 12. Kf2 h5 13. gxh5 Nxh5 14. Bg5 f6 15.
Nf4 fxg5 16. Nxh5 g4 17. f4 e5 18. dxe5 Qe8 19. Ng3 Nxe5 20. Nxd5 Bc5 21. Ne4
Ba4 22. b3 Nxd3+ 23. Qxd3 Bb5 24. Qb1 Qe5 25. Ndf6+ Rxf6 26. Kg3 Qe7 27. Nxf6+
Qxf6 28. Qe4 Qf7 29. Qe5 b6 30. Rhe1 Re8 31. Qg5 Bb4 32. Qxb5 Bxe1+ 33. Rxe1 Rc8
34. Rd1 Qe7 35. Qd5+ Kh8 36. Qh5+ Kg8 37. Qd5+ Kh8 38. Rd3 Qf6 39. Qh5+ Kg8 40.
Qd5+ Kh8 41. Qh5+ Kg8 42. Qxg4 Rc1 43. Rd1 Rc3 44. Re1 Rc2 45. Re2 Rc1 46. h5
Qc6 47. Qf3 Qc3 48. Qa8+ Kh7 49. Qe4+ Kg8 50. Kh2 Qf6 51. Kg3 Qf7 52. Rc2 Rxc2
53. Qxc2 Qxh5 54. Qc8+ Kf7 55. Qb7+ Kg8 56. Qc8+ Kf7 57. Qd7+ Kf8 58. Qxa7 Qg6+
59. Kf3 Qc6+ 60. Kg3 Qg6+ 61. Kf3 Qc6+ 62. e4 Kg8 63. Qb8+ Kf7 64. Qe5 Qc2 65.
Qd5+ Ke7 66. a4 Qc1 67. Qe5+ Kf7 68. Qd5+ Ke7 69. f5 Qf1+ 70. Ke3 Qc1+ 71. Kd3
Qf1+ 72. Kc3 Kf6 73. Qd4+ Kg5 74. Qxg7+ Kf4 75. Qc7+ Kf3 76. Kb4 Qe1+ 77. Qc3+ 1-0

[Event "25th Dubai Open A 2025"]
[Site "Dubai UAE"]
[Date "2025.05.28"]
[Round "2.33"]
[White "Bronstein, Or"]
[Black "Zia, Tahsin Tajwar"]
[Result "1-0"]
[WhiteTitle "IM"]
[BlackTitle "FM"]
[WhiteElo "2443"]
[BlackElo "2374"]
[WhiteFideId "2815770"]
[BlackFideId "10211888"]
[EventDate "2025.05.27"]

1. d4 d5 2. c4 e6 3. Nc3 Nf6 4. cxd5 exd5 5. Bg5 c6 6. e3 h6 7. Bh4 Be7 8. Bd3
O-O 9. h3 Ne8 10. Bg3 Bd6 11. Nge2 Bxg3 12. Nxg3 Nd6 13. O-O Nd7 14. b4 Qh4 15.
b5 Nf6 16. bxc6 bxc6 17. Qa4 Bd7 18. Qb4 Nde4 19. Bxe4 dxe4 20. Qc5 Rae8 21.
Rfb1 g6 22. Rb7 h5 23. Rxa7 Bxh3 24. gxh3 Qxh3 25. Qg5 h4 26. Nf1 Nh7 27. Qf4 g5
28. Qh2 Qf5 29. Nd2 Nf6 30. Rf1 Kg7 31. Nc4 Ra8 32. Re7 Nd5 33. Nxd5 cxd5 34.
Nb6 Ra6 35. Nd7 Ra7 36. Qg2 Rxd7 37. Re5 Qh7 38. Rxg5+ Kh8 39. Kh2 Rd6 40. Qg4
Rg6 41. Qf5 Rfg8 42. Rfg1 Rxg5 43. Rxg5 Qxf5 44. Rxf5 Ra8 45. Rxf7 Kg8 46. Rf5
Rxa2 47. Kh3 Kg7 48. Kxh4 Kg6 49. Kg4 Ra5 50. Kf4 Rb5 51. Ke5 Ra5 52. Rf6+ Kg5
53. Rd6 Ra2 54. Rxd5 Rxf2 55. Kxe4+ Kf6 56. Ra5 Rh2 57. Ra6+ Ke7 58. d5 Rh4+ 59.
Ke5 Rh5+ 60. Kd4 Rh4+ 61. e4 1-0

[Event "25th Dubai Open A 2025"]
[Site "Dubai UAE"]
[Date "2025.05.28"]
[Round "2.34"]
[White "Nandhidhaa, P V"]
[Black "Stribuk, Artiom"]
[Result "1-0"]
[WhiteTitle "WGM"]
[BlackTitle "IM"]
[WhiteElo "2363"]
[BlackElo "2433"]
[WhiteFideId "5050847"]
[BlackFideId "13515659"]
[EventDate "2025.05.27"]

1. e4 g6 2. d4 Bg7 3. Nc3 d6 4. Be3 a6 5. Qd2 b5 6. O-O-O Nf6 7. f3 Nbd7 8. h4
Nb6 9. Bh6 Bxh6 10. Qxh6 b4 11. Nce2 e6 12. e5 dxe5 13. dxe5 Nfd7 14. h5 Qe7 15.
hxg6 fxg6 16. Nf4 Nxe5 17. Re1 Nbd7 18. Bc4 Qf8 19. Bxe6 Qxh6 20. Rxh6 Kf8 21.
Rh1 Nf7 22. Bd5 c6 23. Ne6+ Kg8 24. Bb3 Ra7 25. Ng5 Nf6 26. Rh4 a5 27. Nxf7 Rxf7
28. Rf4 Kg7 29. Bxf7 Kxf7 30. Re5 g5 31. Rxg5 Re8 32. Nh3 1-0

[Event "25th Dubai Open A 2025"]
[Site "Dubai UAE"]
[Date "2025.05.28"]
[Round "2.35"]
[White "Tsaruk, Maksim"]
[Black "Balajayeva, Khanim"]
[Result "1-0"]
[WhiteTitle "IM"]
[BlackTitle "IM"]
[WhiteElo "2431"]
[BlackElo "2358"]
[WhiteFideId "13511173"]
[BlackFideId "13406396"]
[EventDate "2025.05.27"]

1. e4 e5 2. Bc4 Nc6 3. Nc3 Nf6 4. d3 Na5 5. Qf3 Nxc4 6. dxc4 d6 7. Nge2 Be7 8.
a4 O-O 9. h3 c6 10. O-O Be6 11. b3 Qc7 12. Rd1 h6 13. Ng3 Nh7 14. Nf5 Bxf5 15.
exf5 Rfe8 16. Be3 Nf6 17. a5 d5 18. cxd5 e4 19. Nxe4 Nxe4 20. Qxe4 Bf6 21. Qb4
Bxa1 22. d6 Qd7 23. Rxa1 Re5 24. f6 Rd5 25. Bf4 g5 26. Bg3 Re8 27. Kh2 h5 28. h4
gxh4 29. Qxh4 Qg4 30. Ra4 Qxh4+ 31. Rxh4 Re1 32. Rb4 Rdd1 33. Bf4 Kh7 34. Rxb7
Kg6 35. Kg3 Kxf6 36. Rxa7 Rd5 37. Ra6 h4+ 38. Kxh4 Kf5 39. Kg3 Re4 40. Be3 Rxd6
41. Rb6 Re5 42. a6 Ra5 43. Kf3 Rf6 44. Ke2 c5 45. Rxf6+ Kxf6 46. a7 Rxa7 47.
Bxc5 Rd7 48. c3 Ke6 49. Bd4 Rb7 50. b4 f5 51. Kd3 f4 52. Ke4 Rf7 53. Be5 f3 54.
g3 Ra7 55. Bd4 1-0

[Event "25th Dubai Open A 2025"]
[Site "Dubai UAE"]
[Date "2025.05.28"]
[Round "2.36"]
[White "Goutham Krishna H"]
[Black "Rakshitta, Ravi"]
[Result "1-0"]
[WhiteTitle "IM"]
[BlackTitle "WGM"]
[WhiteElo "2427"]
[BlackElo "2324"]
[WhiteFideId "25983504"]
[BlackFideId "25073230"]
[EventDate "2025.05.27"]

1. d4 Nf6 2. c4 e6 3. Bf4 d5 4. cxd5 exd5 5. e3 Bd6 6. Bxd6 Qxd6 7. Nc3 O-O 8.
Bd3 b6 9. Nf3 Bg4 10. O-O Re8 11. Re1 Ne4 12. Qc2 Bxf3 13. gxf3 Ng5 14. Be2 c6
15. f4 Ne4 16. Nxe4 Qg6+ 17. Kh1 Qxe4+ 18. Qxe4 Rxe4 19. b4 Re6 20. Rec1 Kf8 21.
Bf3 Ke7 22. b5 Kd6 23. Rc3 a6 24. bxc6 Nxc6 25. Rac1 Na5 26. Rc7 Rf6 27. h4 g6
28. Kg2 h6 29. a4 Rb8 30. Bg4 Nc4 31. Ra7 a5 32. e4 1-0

[Event "25th Dubai Open A 2025"]
[Site "Dubai UAE"]
[Date "2025.05.28"]
[Round "2.37"]
[White "Pham Tran Gia Phuc"]
[Black "Farahat, Ali"]
[Result "1-0"]
[WhiteTitle "IM"]
[BlackTitle "IM"]
[WhiteElo "2424"]
[BlackElo "2321"]
[WhiteFideId "12415669"]
[BlackFideId "10600507"]
[EventDate "2025.05.27"]

1. d4 d5 2. c4 c6 3. cxd5 cxd5 4. Bf4 Nc6 5. e3 Nf6 6. Nc3 a6 7. Bd3 Bg4 8. Nge2
e6 9. O-O Bd6 10. Bg5 Be7 11. Bh4 Nb4 12. Bb1 O-O 13. f3 Bh5 14. Nf4 Bg6 15.
Nxg6 hxg6 16. Bf2 Rc8 17. Qe2 Nd7 18. a3 Nc6 19. Ba2 Nb6 20. Rfd1 Na5 21. e4
Nac4 22. exd5 exd5 23. Nxd5 Nxd5 24. Bxc4 Nf4 25. Qf1 Bd6 26. Kh1 Qg5 27. Bb3
Qh6 28. g3 Qh5 29. Be1 Nd5 30. Qf2 Ne7 31. Kg2 Qb5 32. Qe3 Nf5 33. Qd3 Qb6 34.
Bf2 Rfd8 35. g4 Ne7 36. Rac1 g5 37. Rxc8 Rxc8 38. Re1 Kf8 39. Be3 Bf4 40. Bxf4
gxf4 41. Re2 Qd6 42. Qe4 b5 43. h4 Rd8 44. h5 Qf6 45. Rd2 Nc8 46. Rc2 Nd6 47.
Qe5 Qxe5 48. dxe5 Nc4 49. Bxc4 bxc4 50. Rxc4 Rd2+ 51. Kh3 Rxb2 52. Rxf4 Rb3 53.
g5 Ke7 54. h6 1-0

[Event "25th Dubai Open A 2025"]
[Site "Dubai UAE"]
[Date "2025.05.28"]
[Round "2.38"]
[White "Dau Khuong Duy"]
[Black "Al Hosani, Omran"]
[Result "1/2-1/2"]
[WhiteTitle "IM"]
[BlackTitle "IM"]
[WhiteElo "2423"]
[BlackElo "2299"]
[WhiteFideId "12424722"]
[BlackFideId "9308733"]
[EventDate "2025.05.27"]

1. e4 e5 2. Nf3 Nc6 3. Bb5 Nf6 4. O-O Nxe4 5. Re1 Nd6 6. Nxe5 Be7 7. Bf1 Nxe5 8.
Rxe5 O-O 9. d4 Bf6 10. Re1 Re8 11. Rxe8+ Nxe8 12. d5 d6 13. a4 a5 14. Nd2 Bg5
15. Nc4 Bxc1 16. Qxc1 Nf6 17. Qd2 b6 18. Re1 Ba6 19. Na3 Bxf1 20. Kxf1 Qd7 21.
Nb5 Re8 22. Rxe8+ Qxe8 23. Qd4 Qe7 24. Qc4 Ne8 25. h4 h5 26. Qe2 Kf8 27. g3 g6
28. c3 Qd7 29. Qf3 Kg7 30. Qf4 c6 31. Qd4+ Kf8 32. dxc6 Qxc6 33. Kg1 Qc5 34. Qd3
Qe5 35. Kg2 d5 36. Qd4 Qxd4 37. Nxd4 Nd6 38. Kf3 Ke7 39. Ke2 Ne4 40. f3 Nc5 41.
b3 Kd6 42. Ke3 1/2-1/2

[Event "25th Dubai Open A 2025"]
[Site "Dubai UAE"]
[Date "2025.05.28"]
[Round "2.39"]
[White "Ghimpu, Samuel-Timotei"]
[Black "Sultan, Ibrahim"]
[Result "1-0"]
[WhiteTitle "IM"]
[BlackTitle "IM"]
[WhiteElo "2421"]
[BlackElo "2222"]
[WhiteFideId "1238175"]
[BlackFideId "9301143"]
[EventDate "2025.05.27"]

1. Nf3 d5 2. g3 Nf6 3. Bg2 e6 4. O-O Be7 5. c4 O-O 6. b3 d4 7. e3 c5 8. Ne5 Nfd7
9. exd4 Bf6 10. Re1 cxd4 11. Nd3 a5 12. Na3 Na6 13. Nb5 Nb4 14. Nxb4 axb4 15. d3
Nc5 16. Bf4 Be7 17. Bc7 Qd7 18. Be5 Ra5 19. Bh3 Rd8 20. Bc7 Ra6 21. Bxd8 Qxd8
22. a3 bxa3 23. b4 Na4 24. Qb3 Nc3 25. Nxa3 h6 26. Bg2 Bf8 27. c5 Qg5 28. Nc4
Qf5 29. Nb6 Qxd3 30. Qb2 Rxa1 31. Rxa1 Ne2+ 32. Kh1 Qc3 33. Qxc3 dxc3 34. Be4
Nd4 35. Nxc8 f5 36. Bd3 e5 37. Rc1 e4 38. Bc4+ 1-0

[Event "25th Dubai Open A 2025"]
[Site "Dubai UAE"]
[Date "2025.05.28"]
[Round "2.40"]
[White "Vivaan Vishal Shah"]
[Black "Garayev, Kanan"]
[Result "1/2-1/2"]
[WhiteTitle "FM"]
[BlackTitle "IM"]
[WhiteElo "2410"]
[BlackElo "2336"]
[WhiteFideId "25184237"]
[BlackFideId "13406671"]
[EventDate "2025.05.27"]

1. e4 c5 2. Nf3 e6 3. d4 cxd4 4. Nxd4 Nf6 5. Nc3 Nc6 6. a3 d6 7. Be2 Be7 8. Be3
O-O 9. Qd2 e5 10. Nb3 Nxe4 11. Nxe4 d5 12. Bf3 dxe4 13. Bxe4 Qxd2+ 14. Bxd2 Be6
15. Bc3 Rac8 16. O-O-O f5 17. Bd5 Bxd5 18. Rxd5 Rfd8 19. Rb5 Rd7 20. Rd1 Bg5+
21. Bd2 Rcd8 22. c3 a6 23. Rc5 Be7 24. Rc4 Nb8 25. Ra4 b5 26. Ra5 Re8 27. c4 Bd8
28. c5 Bxa5 29. Nxa5 Red8 30. Kc2 Kf7 31. f3 Ke6 32. Nb3 Nc6 33. Re1 Rd3 34. Bc3
R3d5 35. Nc1 g5 36. b4 h5 37. Ne2 f4 38. h4 Kf5 39. hxg5 h4 40. Rh1 Kxg5 41. Be1
Rh8 42. Nc3 Rd4 43. Bf2 Rc4 44. Kb2 h3 45. Rxh3 Rxh3 46. gxh3 Nd4 47. Ne4+ Kg6
48. h4 Nxf3 49. Nd6 Nd2 50. Nxc4 Nxc4+ 51. Kc3 Kf5 52. c6 Ke6 53. Bc5 e4 54. h5
e3 55. h6 e2 56. Bf2 Ne5 57. h7 Nf7 58. Kd2 f3 59. Ke3 Kd6 60. Bh4 Kxc6 61. Kxf3
e1=Q 62. Bxe1 Ng5+ 63. Ke3 Nxh7 64. Kd3 Kd5 65. Kc3 Nf6 66. Kb3 Ne4 67. a4 Kd4
68. axb5 axb5 69. Bh4 Nd2+ 70. Kc2 Nf3 71. Be7 Kc4 72. Kb2 Nd4 73. Bf8 Nc6 74.
Ka3 Kc3 75. Bg7+ Kc2 76. Bf8 Nxb4 1/2-1/2

[Event "25th Dubai Open A 2025"]
[Site "Dubai UAE"]
[Date "2025.05.28"]
[Round "2.41"]
[White "Tregubenko, Nikolay"]
[Black "Ashraf, Artin"]
[Result "0-1"]
[BlackTitle "FM"]
[WhiteElo "2277"]
[BlackElo "2407"]
[WhiteFideId "34358978"]
[BlackFideId "22514805"]
[EventDate "2025.05.27"]

1. e4 c5 2. Nf3 d6 3. d4 cxd4 4. Nxd4 Nf6 5. Nc3 a6 6. Bg5 Nbd7 7. Qe2 b5 8.
O-O-O Bb7 9. f4 Rc8 10. Nf5 Rxc3 11. bxc3 Qa5 12. Bxf6 Nxf6 13. Ng3 g6 14. e5
Nd5 15. Ne4 dxe5 16. fxe5 Bh6+ 17. Kb2 O-O 18. Qe1 Qc7 19. Bd3 Bg7 20. h4 Rc8
21. h5 Qxe5 22. hxg6 hxg6 23. Qh4 Nf4 24. Qg5 Qc7 25. Nc5 Qxc5 26. Qxf4 Bxc3+
27. Kb1 Qa3 0-1

[Event "25th Dubai Open A 2025"]
[Site "Dubai UAE"]
[Date "2025.05.29"]
[Round "3.1"]
[White "Rohith, Krishna S"]
[Black "Nihal, Sarin"]
[Result "1/2-1/2"]
[WhiteTitle "IM"]
[BlackTitle "GM"]
[WhiteElo "2490"]
[BlackElo "2693"]
[WhiteFideId "46617051"]
[BlackFideId "25092340"]
[EventDate "2025.05.27"]

1. d4 e6 2. Nf3 c5 3. g3 cxd4 4. Nxd4 d5 5. Bg2 Nf6 6. c4 e5 7. Nf3 d4 8. O-O
Nc6 9. e3 Be7 10. exd4 exd4 11. Bf4 Be6 12. Ne5 Rc8 13. Re1 O-O 14. a3 Nxe5 15.
Bxe5 Ng4 16. Bd5 d3 17. Bxe6 Nxf2 18. Kxf2 fxe6+ 19. Kg2 Rxc4 20. Nc3 Qd7 21.
Bf4 Qc6+ 22. Qf3 Qxf3+ 23. Kxf3 g5 24. Rxe6 Bd8 25. Re4 Rc6 26. Rd1 Rd6 27. Re8
gxf4 28. Rxf8+ Kxf8 29. Ne4 Rb6 30. Rxd3 Be7 31. b4 fxg3 32. hxg3 Ke8 33. Kf4
Rg6 34. g4 h6 35. Kf5 Rb6 36. Ke5 Rg6 37. Kf5 Rb6 1/2-1/2

[Event "25th Dubai Open A 2025"]
[Site "Dubai UAE"]
[Date "2025.05.29"]
[Round "3.2"]
[White "Muradli, Mahammad"]
[Black "Dotzer, Lukas"]
[Result "1-0"]
[WhiteTitle "GM"]
[BlackTitle "IM"]
[WhiteElo "2603"]
[BlackElo "2455"]
[WhiteFideId "13409301"]
[BlackFideId "1666975"]
[EventDate "2025.05.27"]

1. Nf3 d5 2. c4 d4 3. b4 g5 4. g3 g4 5. Nh4 e5 6. Bg2 Be7 7. d3 Bxh4 8. gxh4 Ne7
9. Qa4+ Nd7 10. h3 gxh3 11. Bxh3 c6 12. Bg5 a5 13. Nd2 h6 14. Bxd7+ Bxd7 15. Bf6
Rg8 16. Bxe5 c5 17. b5 Ng6 18. Bg3 f5 19. h5 f4 20. Bh2 Nh4 21. O-O-O Ng2 22.
Rdg1 Kf8 23. Ne4 Bf5 24. Nd2 Qe7 25. Qa3 b6 26. Nf3 Qxe2 27. Nxd4 Qxd3 28. Ne6+
Kf7 29. Qb3 Qc3+ 30. Qxc3 Bd3 1-0

[Event "25th Dubai Open A 2025"]
[Site "Dubai UAE"]
[Date "2025.05.29"]
[Round "3.3"]
[White "Grebnev, Aleksey"]
[Black "Panesar, Vedant"]
[Result "1-0"]
[WhiteTitle "GM"]
[BlackTitle "FM"]
[WhiteElo "2556"]
[BlackElo "2455"]
[WhiteFideId "34189030"]
[BlackFideId "35033018"]
[EventDate "2025.05.27"]

1. Nf3 d5 2. b3 Nf6 3. Bb2 e6 4. e3 Bd6 5. c4 O-O 6. Nc3 c5 7. g4 dxc4 8. g5
Nfd7 9. Bxc4 Nc6 10. Ne4 Nde5 11. Rg1 Kh8 12. Nxe5 Bxe5 13. Nc3 a6 14. f4 b5 15.
Bf1 Bc7 16. Bg2 Qe8 17. Be4 f5 18. gxf6 Rxf6 19. Nxb5 axb5 20. Bxf6 gxf6 21.
Bxc6 Qf8 22. Bxa8 Bd7 23. Qf3 f5 24. Bc6 Bc8 25. Qh5 Bd8 26. Qe8 1-0